Aristoteles' Schrift von der Seele: und ihre Stellung innerhalb der aristotelischen Philosophie
Saved in:
| Main Author: | |
|---|---|
| Format: | Book |
| Language: | German |
| Published: |
Paul Siebeck
1932
|
| Series: | Heidelberger Abhandlungen zur Philosophie und ihrer Geschichte, 24
|
| Subjects: | |
| Tags: |
Add Tag
No Tags, Be the first to tag this record!
|
MARC
| LEADER | 00000nam a2200000 a 4500 | ||
|---|---|---|---|
| 001 | UCY7040 | ||
| 003 | CL-VaPUC | ||
| 008 | 950602e19320000GW |||||||||||||||||ger|d | ||
| 082 | 0 | 4 | |a 185 |b CAS |2 21 |
| 100 | 0 | |a Cassirer, Heinrich |e author |9 337311 | |
| 245 | 1 | 0 | |a Aristoteles' Schrift von der Seele: und ihre Stellung innerhalb der aristotelischen Philosophie |
| 300 | |a 198 p | ||
| 942 | |c BK | ||
| 945 | |d 19950602 00:00:00 |a oaravena | ||
| 260 | |b Paul Siebeck |c 1932 | ||
| 600 | 0 | |a Aristóteles, |d 384 a.C.- 322 a.C. |9 194 | |
| 650 | 0 | |a Filosofía |9 223554 | |
| 650 | 0 | |a Filosofía antigua |9 255705 | |
| 650 | 0 | |a Filosofía del espíritu |9 320175 | |
| 650 | 0 | |a Psicología |9 257863 | |
| 650 | 0 | |a Biología |9 262022 | |
| 650 | 0 | |a Alma |9 259008 | |
| 651 | 0 | |a Grecia |9 265314 | |
| 583 | |a last modification |c 20120828 10:49:46 |k Rodrigo Vera | ||
| 490 | 0 | |a Heidelberger Abhandlungen zur Philosophie und ihrer Geschichte, 24 | |
| 999 | |c 234514 |d 234512 | ||
| 952 | |0 0 |1 0 |4 0 |6 185_000000000000000_CAS_1932 |7 0 |8 P |9 240954 |a BIBEDU |b BIBEDU |c BIBEDU_PB |d 2019-11-18 |i 1514733 |o 185 CAS 1932 |p 1514733 |r 2024-01-25 |w 2019-11-18 |y BK |k FIL | ||